[Event "Krefeld op"]
[Site "Krefeld"]
[Date "2023.08.06"]
[Round "8"]
[White "De Boer, Robert"]
[Black "Lueersen, Lukas"]
[Result "1-0"]
[WhiteElo "1972"]
[BlackElo "1710"]
[PlyCount "53"]
[EventDate "2023.08.02"]
[EventType "swiss"]
[EventRounds "9"]
[EventCountry "GER"]
[SourceTitle "CBM 215 Extra"]
[Source "ChessBase"]
[SourceDate "2023.09.30"]
[SourceVersion "1"]
[SourceVersionDate "2023.09.30"]
[SourceQuality "1"]

1. e4 c5 2. c3 Nf6 3. e5 Nd5 4. Nf3 Nc6 5. Bc4 Nb6 6. Bb3 c4 7. Bc2 Qc7 8. Qe2 g5 9. Nxg5 Qxe5 10. d4 cxd3 11. Bxd3 Qxe2+ 12. Bxe2 Bg7 13. Na3 d5 14. Nb5 0-0 15. Be3 Bf5 16. g4 Bg6 17. h4 h6 18. h5 Bh7 19. Nxh7 Kxh7 20. 0-0-0 e6 21. f4 Nc4 22. Bxc4 dxc4 23. Rd7 b6 24. Rhd1 f5 25. Nc7 Rad8 26. Nxe6 Rg8 27. Nxd8 1-0

[Event "Krefeld op"]
[Site "Krefeld"]
[Date "2023.08.03"]
[Round "2"]
[White "De Boer, Robert"]
[Black "Beiden, Manuel"]
[Result "1-0"]
[WhiteElo "1972"]
[BlackElo "1512"]
[PlyCount "69"]
[EventDate "2023.08.02"]
[EventType "swiss"]
[EventRounds "9"]
[EventCountry "GER"]
[SourceTitle "CBM 215 Extra"]
[Source "ChessBase"]
[SourceDate "2023.09.30"]
[SourceVersion "1"]
[SourceVersionDate "2023.09.30"]
[SourceQuality "1"]

1. e4 c5 2. c3 Nf6 3. e5 Nd5 4. Nf3 d6 5. Bc4 Nb6 6. Bb3 c4 7. Bc2 dxe5 8. Qe2 Qd5 9. Qxe5 Qxe5+ 10. Nxe5 f6 11. Nf3 Be6 12. Nd4 Bf7 13. 0-0 e5 14. Re1 Be7 15. Nf5 Bg6 16. Nxg7+ Kf7 17. Nf5 Ke6 18. g4 h5 19. Ng7+ Kf7 20. Bxg6+ Kxg6 21. Nxh5 Nc6 22. b3 Bc5 23. bxc4 Nxc4 24. d3 Nd6 25. Kg2 f5 26. h3 fxg4 27. hxg4 Nb4 28. d4 Raf8 29. Rxe5 Rxf2+ 30. Kxf2 Nd3+ 31. Kg2 Nxe5 32. dxe5 Ne4 33. Nd2 Nxc3 34. Nf3 Rf8 35. Nf4+ 1-0

[Event "Vlissingen HZ op 23rd"]
[Site "Vlissingen"]
[Date "2019.08.10"]
[Round "9"]
[White "De Wilde, Rik"]
[Black "De Boer, Robert"]
[Result "1/2-1/2"]
[WhiteElo "2169"]
[BlackElo "1976"]
[PlyCount "71"]
[EventDate "2019.08.03"]
[EventType "swiss"]
[EventRounds "9"]
[EventCountry "NED"]
[SourceTitle "CBM 191 Extra"]
[Source "ChessBase"]
[SourceDate "2019.09.30"]
[SourceVersion "1"]
[SourceVersionDate "2019.09.30"]
[SourceQuality "1"]

1. e4 e6 2. d4 d5 3. e5 c5 4. c3 Nc6 5. Nf3 Qb6 6. Bd3 cxd4 7. cxd4 Bd7 8. 0-0 Nxd4 9. Nbd2 Nxf3+ 10. Nxf3 Ne7 11. Be3 Qc7 12. Rc1 Nc6 13. Qe2 Be7 14. Bc5 Qd8 15. Bxe7 Qxe7 16. h4 Rc8 17. a3 f6 18. Rfe1 f5 19. g4 fxg4 20. Ng5 g6 21. Qxg4 0-0 22. f4 Nd4 23. h5 Nf5 24. b4 Qg7 25. Kh2 Rxc1 26. Rxc1 Rc8 27. Rxc8+ Bxc8 28. hxg6 hxg6 29. Bxf5 gxf5 30. Qh5 Bd7 31. Nxe6 Bxe6 32. Qe8+ Kh7 33. Qxe6 Qg4 34. Qe7+ Kh6 35. Qf6+ Kh7 36. Qe7+ 1/2-1/2

[Event "Vlissingen HZ op 23rd"]
[Site "Vlissingen"]
[Date "2019.08.04"]
[Round "3"]
[White "Hofstee, Piet"]
[Black "De Boer, Robert"]
[Result "1/2-1/2"]
[WhiteElo "1706"]
[BlackElo "1976"]
[PlyCount "61"]
[EventDate "2019.08.03"]
[EventType "swiss"]
[EventRounds "9"]
[EventCountry "NED"]
[SourceTitle "CBM 191 Extra"]
[Source "ChessBase"]
[SourceDate "2019.09.30"]
[SourceVersion "1"]
[SourceVersionDate "2019.09.30"]
[SourceQuality "1"]

1. e4 e6 2. d4 d5 3. exd5 exd5 4. Nf3 Nf6 5. Bd3 c5 6. dxc5 Bxc5 7. 0-0 0-0 8. Bg5 Nc6 9. Nc3 Be6 10. h3 h6 11. Bh4 a6 12. a3 Rc8 13. Re1 Re8 14. Qd2 Be7 15. Re2 Qa5 16. Rae1 Qc5 17. Bg3 b5 18. Ne5 Nd4 19. Re3 Nxc2 20. Bxc2 d4 21. Rf3 dxc3 22. Rxc3 Qb6 23. Rxc8 Rxc8 24. Bb1 Rd8 25. Qc2 Qc5 26. Nc6 Qxc2 27. Nxe7+ Kf8 28. Bxc2 Kxe7 29. Bf5 Rd2 30. Bxe6 fxe6 31. Be5 1/2-1/2

[Event "Vlissingen HZ op 22nd"]
[Site "Vlissingen"]
[Date "2018.08.11"]
[Round "9"]
[White "De Boer, Robert"]
[Black "Lammens, Tim"]
[Result "1/2-1/2"]
[WhiteElo "1979"]
[BlackElo "2293"]
[PlyCount "107"]
[EventDate "2018.08.04"]
[EventType "swiss"]
[EventRounds "9"]
[EventCountry "NED"]
[SourceTitle "CBM 185 Extra"]
[Source "ChessBase"]
[SourceDate "2018.07.29"]
[SourceVersion "1"]
[SourceVersionDate "2018.07.29"]
[SourceQuality "1"]

1. e4 c5 2. c3 d5 3. exd5 Qxd5 4. d4 g6 5. Nf3 Bg7 6. Be2 Nf6 7. 0-0 cxd4 8. Nxd4 0-0 9. Na3 e5 10. Ndb5 Nc6 11. Be3 Rd8 12. Bc4 Qd7 13. Qxd7 Rxd7 14. Rad1 Bf8 15. Rxd7 Bxd7 16. Rd1 e4 17. Bg5 Bg4 18. Rd2 Nd7 19. h3 Bf5 20. Nd6 Nde5 21. Nxf5 gxf5 22. Bb3 Nd3 23. Nc4 Kg7 24. Bc2 Kg6 25. Bxd3 Kxg5 26. Be2 Rd8 27. Rxd8 Nxd8 28. Ne5 Bd6 29. Nc4 Be7 30. a4 Ne6 31. Ne3 f4 32. Nd5 Bd6 33. b4 Kf5 34. a5 Ke5 35. Bc4 h5 36. h4 Ng7 37. g3 f3 38. Ne3 f5 39. Bf7 Kf6 40. Bd5 b6 41. Nc4 Bc7 42. axb6 axb6 43. Kf1 Ke7 44. Ne3 Be5 45. c4 Bd6 46. Nc2 Kf6 47. c5 bxc5 48. b5 Ke5 49. Ne3 Ne6 50. b6 f4 51. gxf4+ Nxf4 52. Bf7 Kf6 53. Be8 Ng6 54. Bc6 1/2-1/2

[Event "Groningen Combinatie op"]
[Site "Groningen"]
[Date "2016.05.08"]
[Round "7"]
[White "Maris, Ivo"]
[Black "De Boer, Robert"]
[Result "1-0"]
[WhiteElo "2363"]
[BlackElo "1958"]
[PlyCount "57"]
[EventDate "2016.05.05"]
[EventType "swiss"]
[EventRounds "7"]
[EventCountry "NED"]
[SourceTitle "CBM 172 Extra"]
[Source "ChessBase"]
[SourceDate "2016.06.21"]
[SourceVersion "1"]
[SourceVersionDate "2016.06.21"]
[SourceQuality "1"]

1. Nf3 d5 2. c4 c6 3. b3 Nf6 4. Bb2 g6 5. g3 Bg7 6. Bg2 0-0 7. 0-0 Nbd7 8. d4 Ne4 9. Ne1 Ndf6 10. Nc2 Ng5 11. Nd2 Bh3 12. f4 Bxg2 13. fxg5 Bxf1 14. gxf6 Bxe2 15. Qxe2 exf6 16. Qf3 Bh6 17. Nf1 Re8 18. Nfe3 Re4 19. cxd5 cxd5 20. Ng4 Bg7 21. Nf2 Rc8 22. Ne3 Re8 23. Nd3 Re4 24. Nc5 Rxc5 25. dxc5 f5 26. Bxg7 Kxg7 27. Rd1 Qa5 28. Nxd5 Qxa2 29. Qc3+ 1-0

[Event "Groningen Combinatie op"]
[Site "Groningen"]
[Date "2016.05.06"]
[Round "3"]
[White "Steffens, Olaf"]
[Black "De Boer, Robert"]
[Result "1-0"]
[WhiteElo "2279"]
[BlackElo "1958"]
[PlyCount "33"]
[EventDate "2016.05.05"]
[EventType "swiss"]
[EventRounds "7"]
[EventCountry "NED"]
[SourceTitle "CBM 172 Extra"]
[Source "ChessBase"]
[SourceDate "2016.06.21"]
[SourceVersion "1"]
[SourceVersionDate "2016.06.21"]
[SourceQuality "1"]

1. b4 e5 2. a3 Nf6 3. Bb2 Bd6 4. c4 c6 5. Nf3 Qe7 6. e3 0-0 7. d4 e4 8. Nfd2 Bc7 9. Nc3 d6 10. Be2 Re8 11. g4 h6 12. h4 d5 13. g5 hxg5 14. hxg5 Nh7 15. cxd5 Nxg5 16. Bc4 a5 17. Qh5 1-0